000 00239nam a2200109Ia 4500
008 190216s9999||||xx |||||||||||||| ||und||
100 _aJohn Updiks
245 0 _aRabbit Reduse
260 _bPenguin Books
650 _aEnglish
942 _cBK
999 _c12770
_d12770